Ciencias sociales 8 /

Guardado en:
Autor Principal: Alonso, María Ernestina
Otros Autores: Blanco, Jorge, Fernández Caso, María Victoria, Gurevich, Raquel, Sletic, María Angeles, Vázquez, Enrique C.
Formato: Libro
Publicado: Buenos Aires : Aique , 2001
Series:Colección Libros y +
Materias:
Etiquetas: Agregar Etiqueta
Sin Etiquetas, Sea el primero en etiquetar este registro!
LEADER 02461nam a22004455a 4500
001 CEM.cems010631
005 20080228091109.0
008 130507s2001##################000#0#####d
003 CEMS
020 |a 9507016686 
082 0 4 |a Z302 
100 1 |a Alonso, María Ernestina 
245 1 0 |a Ciencias sociales 8 /  |c María Ernestina Alonso... [et Al.] 
260 |a Buenos Aires :  |b Aique ,  |c 2001 
300 |a 287 p. 
490 0 |a Colección Libros y + 
500 |a Para 8°año Egb 
505 0 |a América contemporánea: sociedades entre problemas y utopías -- Los territorios en América contemporánea -- La formación de la Europa moderna -- La conquista y la colonización europea de América -- La organización de la sociedad capitalista -- La crisis del orden colonial y la construcción de los estados americanos -- Ambientes y recursos en América -- Dinámica demográfica, empleo y calidad de vida -- Los espacios rurales americanos -- Los espacios urbanos en América -- Integración, comercio internacional y transporte en América 
653 |a Ciencias sociales 
653 |a Geografía 
653 |a Historia 
653 |a Ciencias sociales-8º egb 
700 1 |a Blanco, Jorge 
700 1 |a Fernández Caso, María Victoria 
700 1 |a Gurevich, Raquel 
700 1 |a Sletic, María Angeles 
700 1 |a Vázquez, Enrique C. 
859 |a CEMS  |b BIB. CEMS - 11 de abril  |h Z302  |i AL64-1  |p 21225.01  |t Ej.1  |v 8º  |3 8º 
859 |a CEMS  |b BIB. CEMS - 11 de abril  |h Z302  |i AL64-1  |p 21700.02  |t Ej.2  |v 8º  |3 8º 
859 |a CEMS  |b BIB. CEMS - 11 de abril  |h Z302  |i AL64-1  |p 21701.02  |t Ej.3  |v 8º  |3 8º 
859 |a CEMS  |b BIB. CEMS - 11 de abril  |h Z302  |i AL64-1  |p 21702.02  |t Ej.4  |v 8º  |3 8º 
859 |a CEMS  |b BIB. CEMS - 11 de abril  |h Z302  |i AL64-1  |p 21703.02  |t Ej.5  |v 8º  |3 8º 
859 |a CEMS  |b BIB. CEMS - 11 de abril  |h Z302  |i AL64-1  |p 21704.02  |t Ej.6  |v 8º  |3 8º 
859 |a CEMS  |b BIB. CEMS - 11 de abril  |h Z302  |i AL64-1  |p 22042.03  |t Ej.7  |v 8º  |3 8º 
859 |a CEMS  |b BIB. CEMS - 11 de abril  |h Z302  |i AL64-1  |p 22043.03  |t Ej.8  |v 8º  |3 8º 
859 |a CEMS  |b BIB. CEMS - 11 de abril  |h Z302  |i AL64-1  |p 22044.03  |t Ej.9  |v 8º  |3 8º 
859 |a CEMS  |b BIB. CEMS - 11 de abril  |h Z302  |i AL64-1  |p 22045.03  |t Ej.10  |v 8º  |3 8º 
859 |a CEMS  |b BIB. CEMS - 11 de abril  |h Z302  |i AL64-1  |p 25761.09  |t Ej.11  |v 8º  |3 8º 
859 |a CEMS  |b BIB. CEMS - 11 de abril  |h Z302  |i AL64-1  |p 25761.10  |t Ej.12  |v 8º  |3 8º 
859 |a CEMS  |b BIB. CEMS - 11 de abril  |h Z302  |i AL64-1  |p 26090.11  |t Ej.13  |v 8º  |3 8º